000 00582pam a2200193 a 4500
001 2506084
005 20250613110532.0
008 921029s1993 miu b 001 0 eng
020 _a0310384915
050 0 0 _aBS600.2
_b.F43 1993
082 0 0 _a220.6/1
_220
100 1 _aFee, Gordon D.
245 1 0 _aHow to read the Bible for all its worth :
_ba guide to understanding the Bible /
_cGordon D. Fee & Douglas Stuart.
250 _a2nd ed.
260 _aGrand Rapids, Mich. :
_bZondervan,
_cc1993.
300 _a265 p. ;
_c22 cm.
700 1 _aStuart, Douglas K.
942 _2lcc
_cBK
_n0
999 _c6445
_d6445